|
|
|
|
| LEADER |
00000nab a2200000 a 4500 |
| 001 |
vtls000817995 |
| 003 |
SK-MaSNL |
| 005 |
20260305003516.0 |
| 008 |
250429c2001 xo 0 slo |
| 015 |
|
|
|a SNBRA2002/12-40693
|
| 035 |
|
|
|a CLN000169650
|
| 035 |
|
|
|a urn:nbn:sk:snk-abp1d
|
| 035 |
|
|
|a (urnnbn)urn:nbn:sk:snk:ar-a03yuh
|
| 035 |
|
|
|a (uuid)9e97a8fb-7125-4b3e-82d2-5c3c42d2ede7
|
| 040 |
|
|
|a SNKBUCL
|b slo
|c SNKBUCL
|e AACR2
|
| 041 |
0 |
|
|a slo
|
| 044 |
|
|
|a xo
|c SK
|
| 080 |
|
|
|a 903.3/.4(437.6)"636"
|2 1981
|
| 080 |
|
|
|a 904(437.6):902
|2 1981
|
| 080 |
|
|
|a 902.2(437.6)
|2 1981
|
| 100 |
1 |
|
|a Hanuliak, Milan,
|d 1951-
|4 aut
|9 102640
|
| 245 |
1 |
0 |
|a Prieskum v Drženiciach
|c Milan Hanuliak
|
| 300 |
|
|
|b Fotogr., obr. na s. 215-323. Mp., tab. na s. 14-26
|
| 546 |
|
|
|a Res. nem.
|
| 650 |
0 |
7 |
|a archeologické výskumy
|2 snkbucl
|9 74796
|
| 650 |
0 |
7 |
|a sídliská (archeológia)
|2 snkbucl
|9 67918
|
| 650 |
0 |
7 |
|a eneolit
|2 snkbucl
|9 30423
|
| 650 |
0 |
7 |
|a raný stredovek
|2 snkbucl
|9 76105
|
| 651 |
|
7 |
|a Drženice (Slovensko)
|2 snkbucl
|9 263441
|
| 773 |
0 |
|
|t Archeologické výskumy a nálezy na Slovensku v roku 2000
|d Nitra : Archeologický ústav SAV, 2001
|g S. 83-84
|z 8088709504
|
| 850 |
|
|
|a Slovenská národná knižnica
|
| 852 |
|
|
|a Slovenská národná knižnica
|
| 954 |
|
|
|a odborná, vedecká literatúra pôvodná (slovenská)
|2 lita
|
| 958 |
|
|
|a article2022
|
| 958 |
|
|
|a OND
|
| 958 |
|
|
|a EUIPO
|
| 999 |
|
|
|c 3230656
|d 3232586
|